000 00414nam a2200109Ia 4500
008 171211s9999 xx 000 0 und d
245 _aDeveloping Web Components: Ui From Jquery To Polymer
245 _cJarrod Overson and Jason Strimpel
260 _c2015
650 _xWeb Development
856 _uhttps://docs.google.com/spreadsheets/d/1TBWZhI-07a-DZ4fE7lslYtxl1Xz5tEnX6E0Tsto4IXI/edit?ts=5a1e1782#gid=1373124554
999 _c350126
_d350126